| 000 | 00484nam a2200169 i 4500 | ||
|---|---|---|---|
| 001 | 58022 | ||
| 003 | ES-MaACL | ||
| 005 | 20230906163716.0 | ||
| 007 | t| | ||
| 008 | 031020m19661968xxu ||||1| eng d | ||
| 100 | 1 |
_aDunford, Nelson. _946037 |
|
| 245 | 1 | 0 |
_aLinear operators / _cNelson Dunford and Jacob T. Schwartz. |
| 260 |
_aNew York : _bInterscience, _c1966-1968. |
||
| 300 |
_a2 v. ; _c24 cm. |
||
| 700 | 1 |
_aSchwartz, Jacob T. _9104870 |
|
| 852 |
_aES-MaACL _jC-36173-74 _bR.69348 |
||
| 999 |
_c58022 _d58022 |
||